Language Quiz

Random Language or Letter Quiz

Ain't Ain't a Word! Quiz Stats

 Plays Quiz Updated Aug 13, 2012

Challenge
Share
Tweet
Embed
Score 0/20 Timer 04:00
1 Play Today
# Letters in Original Word Original Word > 'Not' Contraction % Correct
3can > can't
92.3%
4will > won't
86.5%
6should > shouldn't
83.7%
5could > couldn't
82.2%
5would > wouldn't
82.1%
2is > isn't
80.6%
2do > don't
80.4%
3are > aren't
65.9%
4have > haven't
60.7%
5shall > shan't
56.2%
# Letters in Original Word Original Word > 'Not' Contraction % Correct
3was > wasn't
53.6%
3did > didn't
52.8%
3has > hasn't
47.4%
4were > weren't
44.6%
3had > hadn't
41.1%
4does > doesn't
38.7%
4must > mustn't
31.7%
5might > mightn't
23%
5ought > oughtn't
13.4%
4need > needn't
9.2%

You're not logged in!

Compare scores with friends on all Sporcle quizzes.
Join for Free
OR
Log In

You Might Also Like...

Show Comments

Extras

Top Quizzes Today


Score Distribution

Your Account Isn't Verified!

In order to create a playlist on Sporcle, you need to verify the email address you used during registration. Go to your Sporcle Settings to finish the process.

Report this User

Report this user for behavior that violates our Community Guidelines.

Details: